000 00340nam a2200109Ia 4500
008 171211s9999 xx 000 0 und d
245 _aElastic Beanstalk
245 _cDara Dowd, Flavia Paganelli, Jurg van Vliet, and Steven van Wel
260 _c2011
650 _xIT eBOOKS
856 _uhttp://down.ebook777.com/020/Elastic%20Beanstalk.pdf
999 _c349844
_d349844